Informe sobre Chile m.r. 2012: la base de datos más completa de Chile desde 1975
Sábháilte in:
| Formáid: | LEABHAR |
|---|---|
| Teanga: | Spáinnis |
| Foilsithe / Cruthaithe: |
Santiago
Gestión
2012
|
| Eagrán: | 1a. ed |
| Sraith: | Colección Estrategia
|
| Ábhair: | |
| Clibeanna: |
Cuir clib leis
Níl clibeanna ann, Bí ar an gcéad duine le clib a chur leis an taifead seo!
|
MARC
| LEADER | 00000cam a2200000 a 4500 | ||
|---|---|---|---|
| 001 | UCE1707 | ||
| 003 | CL-VaPUC | ||
| 008 | 140508e20120000cl |||||||||||||||||spa|d | ||
| 020 | |a 9789562710640 | ||
| 082 | 0 | 4 | |a 318.3 |b INF |2 21 |
| 245 | 1 | 0 | |a Informe sobre Chile m.r. 2012: la base de datos más completa de Chile desde 1975 |
| 250 | |a 1a. ed | ||
| 300 | |a 318 p | ||
| 942 | |c BK | ||
| 945 | |d 20140508 16:03:00 |a dcastane | ||
| 260 | |a Santiago |b Gestión |c 2012 | ||
| 650 | 0 | |a Comercio exterior |9 257617 | |
| 650 | 7 | |a CUENTAS NACIONALES |2 CL-VaPUC |9 344474 | |
| 650 | 7 | |a ORGANIZACION ADMINISTRATIVA |2 CL-VaPUC |9 257438 | |
| 650 | 7 | |a ORGANIZACION POLITICA |2 CL-VaPUC |9 257437 | |
| 583 | |a last modification |c 20140508 16:03:00 |k Rodrigo Vera | ||
| 490 | 0 | |a Colección Estrategia | |
| 999 | |c 355430 |d 355428 | ||
| 952 | |0 0 |1 0 |3 erb |4 0 |6 318_300000000000000_INF_2012 |7 0 |8 A |9 462152 |a BIBING |b BIBING |i 5073790 |o 318.3 INF 2012 |p 5073790 |r 2025-01-20 |w 2019-11-23 |y BK |z Catalogado en:20140508 |k TRA | ||